[Event "X Festival A"]
[Site "Trieste ITA"]
[Date "2008.09.04"]
[Round "6"]
[White "Cherin, Diego"]
[Black "Fercec, Nenad"]
[Result "1/2-1/2"]
[WhiteElo "2287"]
[BlackElo "2486"]
[PlyCount "155"]
[EventDate "2008.08.31"]

1. Nf3 Nf6 2. c4 g6 3. Nc3 d5 4. cxd5 Nxd5 5. e4 Nxc3 6. bxc3 Bg7 7. Bc4 O-O 8.
O-O Nc6 9. a4 Na5 10. Ba2 c5 11. d4 Qc7 12. Be3 b6 13. Qe2 Bb7 14. e5 e6 15.
Nd2 Rac8 16. dxc5 Qxe5 17. cxb6 axb6 18. Rab1 Rxc3 19. Rxb6 Bc6 20. Rb4 Qd6 21.
Rb6 Qe5 22. Rb4 Rd8 23. Nf3 Qh5 24. Rfb1 Be5 25. Rh4 Bxf3 26. Rxh5 Bxe2 27.
Rxe5 Nc6 28. Rc5 Ra3 29. Rxc6 Rxa2 30. Bb6 Rb8 31. Rbc1 Rxa4 32. Rc8+ Rxc8 33.
Rxc8+ Kg7 34. h3 g5 35. Rd8 e5 36. Rd6 h6 37. Bd8 Rf4 38. Rd5 f6 39. Rd6 Kf7
40. f3 Bc4 41. Rd7+ Ke6 42. Rh7 Rh4 43. Kh2 Kf5 44. Bb6 Kg6 45. Rc7 Bf1 46. Rc6
Rb4 47. Kg1 Rb1 48. Kf2 Bb5 49. Rd6 Rb2+ 50. Kg1 Rb4 51. Bd8 Rf4 52. Rb6 Bc4
53. Rb4 Rd4 54. Bc7 Rd1+ 55. Kh2 Bd5 56. Rb6 Kf7 57. Bd8 Be6 58. Rb7+ Kg6 59.
Be7 Rd2 60. Kg1 Bd5 61. Rb6 Kf7 62. Bxf6 e4 63. fxe4 Bxe4 64. g4 Rg2+ 65. Kf1
Rg3 66. Bd4 Rxh3 67. Rf6+ Ke7 68. Rb6 Bf3 69. Bg7 h5 70. gxh5 g4 71. Kf2 Rxh5
72. Bf6+ Kf7 73. Bd4 Rh2+ 74. Kg3 Rg2+ 75. Kf4 Re2 76. Kg3 Rg2+ 77. Kf4 Bd5 78.
Rb2 1/2-1/2

[Event "X Festival A"]
[Site "Trieste ITA"]
[Date "2008.09.04"]
[Round "6"]
[White "De Val, Daniele"]
[Black "Vrhovnik, Damir"]
[Result "1-0"]
[WhiteElo "2233"]
[BlackElo "1996"]
[PlyCount "59"]
[EventDate "2008.08.31"]

1. d4 Nf6 2. Bg5 d6 3. Bxf6 exf6 4. e3 Be7 5. g3 O-O 6. Bg2 Nc6 7. Ne2 Re8 8.
O-O Bf5 9. c4 Qd7 10. Nf4 Bf8 11. Nc3 Rab8 12. Qa4 a6 13. b4 Ne7 14. Qb3 Ng6
15. Nxg6 hxg6 16. Rfc1 g5 17. c5 Bh3 18. Bh1 f5 19. Qc4 f4 20. exf4 gxf4 21. c6
bxc6 22. Bxc6 Qg4 23. Nd5 fxg3 24. hxg3 Re6 25. Bd7 c6 26. Bxe6 fxe6 27. Nf4 d5
28. Qxc6 Rxb4 29. Re1 Rxd4 30. Nxh3 1-0

[Event "X Festival A"]
[Site "Trieste ITA"]
[Date "2008.09.04"]
[Round "6"]
[White "Degtiarev, Evgeny"]
[Black "Srebrnic, Vojko"]
[Result "1-0"]
[WhiteElo "2367"]
[BlackElo "2214"]
[PlyCount "53"]
[EventDate "2008.08.31"]

1. d4 Nf6 2. c4 g6 3. Nc3 Bg7 4. e4 d6 5. Nf3 O-O 6. Be2 e5 7. Be3 exd4 8. Nxd4
Re8 9. f3 c6 10. Qd2 a6 11. Rd1 b5 12. Nc2 d5 13. cxd5 cxd5 14. Nb4 Bb7 15. O-O
Qa5 16. Ncxd5 Nxd5 17. Nxd5 Qxd2 18. Rxd2 Bxd5 19. Rxd5 Bxb2 20. Rb1 Bf6 21.
Rc1 b4 22. Rc7 Be5 23. Rxe5 Rxe5 24. Rc8+ Kg7 25. Bd4 f6 26. Bxe5 fxe5 27. Bc4
1-0

[Event "X Festival A"]
[Site "Trieste ITA"]
[Date "2008.09.04"]
[Round "6"]
[White "Hartl, Daniel"]
[Black "Rukavina, Josip"]
[Result "0-1"]
[WhiteElo "2138"]
[BlackElo "2414"]
[PlyCount "140"]
[EventDate "2008.08.31"]

1. e4 d6 2. d4 g6 3. Nc3 Bg7 4. f4 Nf6 5. Nf3 O-O 6. Bd3 Na6 7. O-O c5 8. d5
Rb8 9. e5 Ne8 10. f5 c4 11. fxg6 cxd3 12. gxh7+ Kh8 13. Ng5 f6 14. Qh5 dxe5 15.
Nf7+ Rxf7 16. Qxf7 Nd6 17. Qg6 Qe8 18. Qxe8+ Nxe8 19. cxd3 Nb4 20. Be3 b6 21.
Rf3 Bb7 22. d4 Nxd5 23. Nxd5 Bxd5 24. Rh3 exd4 25. Bxd4 Nd6 26. Rd1 e6 27. a4
Rc8 28. Rc3 Rxc3 29. Bxc3 Kxh7 30. Bd4 Kg6 31. Rc1 Nc4 32. b3 Nd2 33. Rc7 Nxb3
34. Bf2 a5 35. Bxb6 Bf8 36. Kf1 Nd2+ 37. Kf2 Nc4 38. Bc5 Bh6 39. h4 f5 40. Bd4
Bf8 41. Rc8 Bh6 42. Rc7 Kh5 43. Rh7 e5 44. Bc3 Kg6 45. Rd7 Be4 46. Rc7 Bd3 47.
Rc6+ Kh5 48. Kg3 Be3 49. Kh3 Bf2 50. Rc8 f4 51. Rh8+ Kg6 52. h5+ Kg7 53. Ra8
Bf5+ 54. Kh2 Kh6 55. Rh8+ Kg5 56. h6 Ne3 57. h7 Kh6 58. Re8 Ng4+ 59. Kh1 Kxh7
60. Bxe5 Be3 61. Bc7 Kg6 62. Bxa5 Kg7 63. Rb8 Bd7 64. Bc7 Bc6 65. Bb6 Bxa4 66.
Bxe3 fxe3 67. Rb1 e2 68. Re1 Bd1 69. Kg1 Ne5 70. g4 Nf3+ 0-1

[Event "X Festival A"]
[Site "Trieste ITA"]
[Date "2008.09.04"]
[Round "6"]
[White "Heikkila, Antti"]
[Black "Tonel, Giulia"]
[Result "0-1"]
[WhiteElo "1993"]
[BlackElo "1983"]
[PlyCount "28"]
[EventDate "2008.08.31"]

1. e4 c5 2. Nf3 Nc6 3. Bb5 g6 4. O-O Bg7 5. Re1 a6 6. Bf1 d6 7. h3 e6 8. c3
Nge7 9. d3 O-O 10. Be3 f5 11. exf5 Nxf5 12. Bg5 Qc7 13. g4 Nfe7 14. Qd2 Rxf3
0-1

[Event "X Festival A"]
[Site "Trieste ITA"]
[Date "2008.09.04"]
[Round "6"]
[White "Kragelj, Igor"]
[Black "Basagic, Zlatko"]
[Result "0-1"]
[WhiteElo "2228"]
[BlackElo "2337"]
[PlyCount "40"]
[EventDate "2008.08.31"]

1. d4 g6 2. c4 Bg7 3. e4 e6 4. Nc3 Ne7 5. Nf3 O-O 6. Be2 d5 7. cxd5 exd5 8. e5
Bg4 9. O-O Nbc6 10. Ng5 Bxe2 11. Nxe2 h6 12. Nf3 Qd7 13. Bd2 f6 14. exf6 Rxf6
15. Qb3 Raf8 16. Rac1 Rxf3 17. gxf3 Nf5 18. Kh1 Nfxd4 19. Nxd4 Nxd4 20. Qd3
Nxf3 0-1

[Event "X Festival A"]
[Site "Trieste ITA"]
[Date "2008.09.04"]
[Round "6"]
[White "Miele, Roberto"]
[Black "Stantic, Severino"]
[Result "0-1"]
[WhiteElo "1887"]
[BlackElo "2024"]
[PlyCount "94"]
[EventDate "2008.08.31"]

1. e4 c5 2. Nf3 d6 3. d4 cxd4 4. Nxd4 Nf6 5. Nc3 a6 6. Bc4 Qa5 7. f3 Nc6 8. Be3
Bd7 9. Qd2 Rc8 10. Bb3 Ne5 11. O-O Nc4 12. Bxc4 Rxc4 13. Rad1 g6 14. Nb3 Qb5
15. Ne2 Bg7 16. Nbc1 O-O 17. Nd3 Rfc8 18. c3 Qa5 19. a3 Ne8 20. Bd4 Ba4 21. Rb1
Bxd4+ 22. Nxd4 Rxd4 23. b4 Rxd3 24. Qxd3 Qb6+ 25. Kh1 Bb5 26. c4 Rxc4 27. Qb3
Qc6 28. Rfe1 Nc7 29. Qe3 Kg7 30. Qg5 f6 31. Qg3 Ne6 32. h4 Rc3 33. h5 Qc4 34.
Qh4 Ng5 35. h6+ Kf7 36. Qf4 d5 37. Qb8 Bc6 38. Qh8 dxe4 39. Qg7+ Ke6 40. Qg8+
Kf5 41. g4+ Kf4 42. Qb8+ e5 43. Qd6 f5 44. Qd2+ e3 45. Qh2+ Kxf3 46. Kg1 Kxg4
47. Qb2 Nh3+ 0-1

[Event "X Festival A"]
[Site "Trieste ITA"]
[Date "2008.09.04"]
[Round "6"]
[White "Milazzo, Mario"]
[Black "Znidarcic, Andrej"]
[Result "1/2-1/2"]
[WhiteElo "2010"]
[BlackElo "2218"]
[PlyCount "37"]
[EventDate "2008.08.31"]

1. c4 e6 2. Nf3 d5 3. b3 Nf6 4. Bb2 Be7 5. g3 O-O 6. Bg2 Nbd7 7. O-O b6 8. Nc3
Bb7 9. e3 Ne4 10. Qe2 Bf6 11. Rac1 Nxc3 12. Bxc3 Bxc3 13. Rxc3 dxc4 14. bxc4 c5
15. d4 Qc7 16. Nh4 Bxg2 17. Nxg2 Nf6 18. Qf3 Rad8 19. Rd1 1/2-1/2

[Event "X Festival A"]
[Site "Trieste ITA"]
[Date "2008.09.04"]
[Round "6"]
[White "Mufic, Goran"]
[Black "Mogranzini, Roberto"]
[Result "1/2-1/2"]
[WhiteElo "2298"]
[BlackElo "2423"]
[PlyCount "75"]
[EventDate "2008.08.31"]

1. d4 Nf6 2. Bf4 g6 3. e3 Bg7 4. Nf3 d6 5. Be2 O-O 6. O-O c5 7. c3 Nc6 8. dxc5
dxc5 9. Ne5 Nxe5 10. Bxe5 Be6 11. Nd2 Bd5 12. Bf3 Bxf3 13. Nxf3 Ne4 14. Qa4 Nd6
15. Bxd6 Qxd6 16. Rfd1 Qb6 17. Rd2 Rfd8 18. Rad1 Bf6 19. Kf1 a6 20. Qb3 Qc7 21.
Rxd8+ Rxd8 22. Rxd8+ Qxd8 23. Qxb7 Qd3+ 24. Ke1 Qb1+ 25. Ke2 Qxa2 26. Nd2 a5
27. Qb3 Qa1 28. g3 a4 29. Qa3 Qc1 30. Qa2 Qh1 31. h4 Qb7 32. Kd3 Qd7+ 33. Ke2
Qb5+ 34. Nc4 h5 35. Ke1 Kf8 36. Na3 Qb7 37. Nc4 Qc6 38. Na3 1/2-1/2

[Event "X Festival A"]
[Site "Trieste ITA"]
[Date "2008.09.04"]
[Round "6"]
[White "Narayanan, Srinath"]
[Black "Lalic, Bogdan"]
[Result "1/2-1/2"]
[WhiteElo "2220"]
[BlackElo "2533"]
[PlyCount "48"]
[EventDate "2008.08.31"]

1. e4 e6 2. d4 d5 3. e5 c5 4. c3 Nc6 5. Nf3 Qb6 6. a3 Nh6 7. b4 cxd4 8. cxd4
Nf5 9. Be3 g6 10. Bd3 Nxe3 11. fxe3 Bg7 12. O-O O-O 13. Nc3 a6 14. Ra2 Qd8 15.
Raf2 f6 16. exf6 Rxf6 17. h4 Bd7 18. Ng5 Rxf2 19. Rxf2 Nxd4 20. Rf7 Bf6 21.
Rxh7 Bxg5 22. hxg5 Qxg5 23. Rxd7 Qxe3+ 24. Kh1 Qh6+ 1/2-1/2

[Event "X Festival A"]
[Site "Trieste ITA"]
[Date "2008.09.04"]
[Round "6"]
[White "Raykhman, Alexander"]
[Black "Banusz, Tamas"]
[Result "0-1"]
[WhiteElo "2267"]
[BlackElo "2481"]
[PlyCount "118"]
[EventDate "2008.08.31"]

1. e4 e5 2. Nf3 Nc6 3. Bb5 a6 4. Bxc6 dxc6 5. O-O Ne7 6. Nxe5 Qd4 7. Qh5 g6 8.
Qg5 Bg7 9. Nd3 f5 10. e5 c5 11. b3 b6 12. Bb2 Qg4 13. Qe3 Nd5 14. Qe1 Bb7 15.
f3 Qg5 16. Nc3 O-O-O 17. Nxd5 Bxd5 18. Qe3 Qe7 19. Rad1 g5 20. c4 Bb7 21. Nf2
f4 22. Qe2 h5 23. d4 cxd4 24. Rxd4 Rde8 25. Rfd1 Bc6 26. R4d2 Rhf8 27. h3 Rf5
28. Qd3 Qf8 29. Re1 Bxe5 30. Bxe5 Rfxe5 31. Rxe5 Rxe5 32. Re2 Qe8 33. Rxe5 Qxe5
34. Kh2 Qe1 35. Qf5+ Kb7 36. Qc2 b5 37. cxb5 axb5 38. Nd3 Qg3+ 39. Kh1 g4 40.
Nc5+ Kb6 41. hxg4 hxg4 42. Ne4 Qe1+ 43. Kh2 Bxe4 44. fxe4 f3 45. b4 Qe2 46.
Qc5+ Kb7 47. Qd5+ Ka7 48. Qc5+ Kb8 49. Kg3 Qxg2+ 50. Kf4 Qe2 51. Kg3 Qc4 52.
Qf8+ Kb7 53. Kxg4 Qxe4+ 54. Kg3 Qe1+ 55. Kh3 Qh1+ 56. Kg4 Qg2+ 57. Kh4 f2 58.
Qf5 f1=Q 59. Qxb5+ Qxb5 0-1

[Event "X Festival A"]
[Site "Trieste ITA"]
[Date "2008.09.04"]
[Round "6"]
[White "Scalcione, Michelangelo"]
[Black "Hrzica, Rok"]
[Result "1/2-1/2"]
[WhiteElo "2398"]
[BlackElo "2285"]
[PlyCount "74"]
[EventDate "2008.08.31"]

1. Nf3 d5 2. d4 c6 3. c4 Nf6 4. Nc3 dxc4 5. a4 Bf5 6. Nh4 Bg4 7. h3 Bh5 8. g4
Bg6 9. Nxg6 hxg6 10. e4 e5 11. g5 exd4 12. gxf6 dxc3 13. Qxd8+ Kxd8 14. Bg5 Kc8
15. Bxc4 Nd7 16. fxg7 Bxg7 17. Bxf7 cxb2 18. Rb1 Ne5 19. Be6+ Kc7 20. Bf4 Kd6
21. Ba2 Raf8 22. Bg3 Ke7 23. Ke2 Nf3 24. e5 Bxe5 25. Bxe5 Nxe5 26. Rxb2 Rxf2+
27. Kxf2 Nd3+ 28. Kg3 Nxb2 29. Rb1 Nxa4 30. Rxb7+ Kf6 31. Rc7 Rb8 32. Rxc6+ Kg5
33. h4+ Kh6 34. Ra6 Nc3 35. Bf7 Rb6 36. Rxa7 Ne4+ 37. Kf4 Nf6 1/2-1/2

[Event "X Festival A"]
[Site "Trieste ITA"]
[Date "2008.09.04"]
[Round "6"]
[White "Sikanjic, Bojan"]
[Black "Fierro Baquero, Martha Lorena"]
[Result "1/2-1/2"]
[WhiteElo "2177"]
[BlackElo "2379"]
[PlyCount "49"]
[EventDate "2008.08.31"]

1. Nf3 g6 2. c4 Bg7 3. Nc3 Nf6 4. g3 O-O 5. Bg2 c6 6. d4 d6 7. O-O Qa5 8. e4 e5
9. h3 exd4 10. Nxd4 Qc5 11. Nb3 Qb4 12. Be3 a5 13. e5 Nfd7 14. a3 Qxc4 15. exd6
Ne5 16. Nc5 Nbd7 17. N3a4 f5 18. Rc1 Qf7 19. Qc2 Re8 20. Rfd1 Nxc5 21. Nxc5 Kh8
22. Re1 Be6 23. Bf4 Bd5 24. Bxe5 Rxe5 25. Bxd5 1/2-1/2

[Event "X Festival A"]
[Site "Trieste ITA"]
[Date "2008.09.04"]
[Round "6"]
[White "Simutowe, Amon"]
[Black "Erdos, Viktor"]
[Result "0-1"]
[WhiteElo "2458"]
[BlackElo "2576"]
[PlyCount "152"]
[EventDate "2008.08.31"]

1. e4 e6 2. d4 d5 3. Nc3 Bb4 4. exd5 exd5 5. Bd3 c6 6. Qf3 Qf6 7. Be3 Nd7 8. a3
Bd6 9. h3 Ne7 10. Na2 Ng6 11. Qxf6 Nxf6 12. Nf3 Ne4 13. c4 O-O 14. cxd5 cxd5
15. h4 Re8 16. h5 Nf8 17. Nc3 Nxc3 18. bxc3 Nd7 19. a4 Nb6 20. Ke2 Nc4 21. Bxc4
dxc4 22. h6 g6 23. Rhb1 Re7 24. Ne5 Bxe5 25. dxe5 Rxe5 26. Rb4 b6 27. Kd2 Ba6
28. Kc2 Rd8 29. a5 bxa5 30. Rbb1 Bb5 31. Rxa5 a6 32. g4 f6 33. Rd1 Rd3 34. Rg1
g5 35. Rd1 Re4 36. Rg1 Kf7 37. Raa1 Kg6 38. Rae1 Bd7 39. Ra1 Rd6 40. Bc5 Rc6
41. Be3 Bxg4 42. Rh1 Re5 43. Ra4 Bf3 44. Rh3 Bg2 45. Rg3 Be4+ 46. Kc1 Kxh6 47.
f4 Rf5 48. Ra2 Kg6 49. fxg5 fxg5 50. Rb2 Rf1+ 51. Kd2 Rd6+ 52. Ke2 Bd3+ 53. Kd2
h6 54. Rb8 Rb1 55. Re8 Kf7 56. Rh8 Kg7 57. Bf4 Kxh8 58. Bxd6 Rb2+ 59. Ke3 Re2+
60. Kd4 Kg7 61. Rf3 Kg6 62. Rf8 h5 63. Be5 h4 64. Rf6+ Kh5 65. Rxa6 g4 66. Ra8
g3 67. Rg8 Bg6 68. Bc7 Re8 69. Rg7 g2 70. Bh2 Re1 71. Ra7 Rh1 72. Ra5+ Kg4 73.
Ra6 Bf5 74. Ra7 Rxh2 75. Rg7+ Kf4 76. Kxc4 Bg4 0-1

[Event "X Festival A"]
[Site "Trieste ITA"]
[Date "2008.09.04"]
[Round "6"]
[White "Suc, Timothy"]
[Black "Bosma, Jaap"]
[Result "1-0"]
[WhiteElo "1833"]
[BlackElo "2048"]
[PlyCount "53"]
[EventDate "2008.08.31"]

1. e4 e5 2. f4 exf4 3. Bc4 Qh4+ 4. Kf1 d6 5. Nc3 Be6 6. Nd5 Bxd5 7. Bxd5 c6 8.
Bb3 Nf6 9. Nf3 Qh5 10. Qe2 Nbd7 11. d4 g5 12. e5 dxe5 13. dxe5 Nd5 14. Bxd5
cxd5 15. e6 Nf6 16. Qb5+ Kd8 17. Qxb7 Rc8 18. Bd2 Rxc2 19. Ba5+ Ke8 20. Qb5+
Ke7 21. Bb4+ Kxe6 22. Nd4+ Ke5 23. Nxc2 Bxb4 24. Nxb4 f3 25. Re1+ Kf4 26. Nxd5+
Nxd5 27. Qc4+ 1-0

[Event "X Festival A"]
[Site "Trieste ITA"]
[Date "2008.09.04"]
[Round "6"]
[White "Vitri, Sergio"]
[Black "Capaliku, Aleks"]
[Result "1-0"]
[WhiteElo "2132"]
[BlackElo "2114"]
[PlyCount "33"]
[EventDate "2008.08.31"]

1. d4 f5 2. e4 fxe4 3. Nc3 Nf6 4. Bg5 c6 5. Qd2 d5 6. f3 exf3 7. Nxf3 e6 8. Bd3
Be7 9. O-O O-O 10. Rae1 b6 11. Qf2 g6 12. Qh4 Qe8 13. Ne5 c5 14. Bxf6 Rxf6 15.
Rxf6 cxd4 16. Nxd5 exd5 17. Nxg6 1-0

[Event "X Festival A"]
[Site "Trieste ITA"]
[Date "2008.09.05"]
[Round "7"]
[White "Bosma, Jaap"]
[Black "Vitri, Sergio"]
[Result "1/2-1/2"]
[WhiteElo "2048"]
[BlackElo "2132"]
[PlyCount "23"]
[EventDate "2008.08.31"]

1. e4 Nf6 2. Nc3 d5 3. exd5 Nxd5 4. d4 Bf5 5. Nxd5 Qxd5 6. c3 e6 7. Nf3 Be7 8.
Be2 O-O 9. O-O Nd7 10. Re1 Rfd8 11. Bd3 Bxd3 12. Qxd3 1/2-1/2

[Event "X Festival A"]
[Site "Trieste ITA"]
[Date "2008.09.05"]
[Round "7"]
[White "Capaliku, Aleks"]
[Black "Miele, Roberto"]
[Result "1-0"]
[WhiteElo "2114"]
[BlackElo "1887"]
[PlyCount "72"]
[EventDate "2008.08.31"]

1. e3 e5 2. c4 Nf6 3. a3 g6 4. b4 Bg7 5. Bb2 d6 6. d3 O-O 7. Qc2 Re8 8. Nd2
Nbd7 9. Ngf3 Nf8 10. Be2 b6 11. O-O Bb7 12. c5 bxc5 13. bxc5 Rb8 14. Rfe1 Nh5
15. Rab1 dxc5 16. Qxc5 Bxf3 17. Nxf3 Nd7 18. Qxa7 Qc8 19. Qa5 Rxb2 20. Rxb2 e4
21. Nd4 c5 22. Rc2 Qb7 23. Qb5 Qa7 24. Nc6 Qxa3 25. dxe4 Rxe4 26. Bc4 Nf4 27.
Rd1 Rxe3 28. fxe3 Qxe3+ 29. Kh1 Nh3 30. Rf1 Nf4 31. Qb3 Qe4 32. Bxf7+ Kh8 33.
Qc4 Qxc6 34. Qxf4 Ne5 35. Re2 Qb5 36. Rxe5 Bxe5 1-0

[Event "X Festival A"]
[Site "Trieste ITA"]
[Date "2008.09.05"]
[Round "7"]
[White "Fierro Baquero, Martha Lorena"]
[Black "Suc, Timothy"]
[Result "1-0"]
[WhiteElo "2379"]
[BlackElo "1833"]
[PlyCount "107"]
[EventDate "2008.08.31"]

1. e4 c5 2. Nf3 a6 3. c4 Nc6 4. d4 cxd4 5. Nxd4 Nf6 6. Nc3 e5 7. Nc2 Bc5 8. Be2
d6 9. O-O Be6 10. Qd3 O-O 11. Be3 Bxe3 12. Qxe3 Rc8 13. Rfd1 Qc7 14. Rac1 Rfd8
15. Nd5 Bxd5 16. cxd5 Ne7 17. Na3 Qb8 18. Nc4 Nd7 19. a4 b5 20. axb5 axb5 21.
Na5 b4 22. Bg4 Rxc1 23. Rxc1 Nc5 24. Nc4 Nd7 25. g3 Nc8 26. Na5 Ne7 27. Nc4 Nc8
28. Ra1 Ndb6 29. Na5 Ne7 30. Kg2 Na8 31. Nc4 Nc8 32. h4 Nab6 33. Na5 Ne7 34. h5
h6 35. Qd2 Nd7 36. Bxd7 Rxd7 37. Ra4 b3 38. Rb4 Qa8 39. Rxb3 f5 40. exf5 Nxd5
41. Kh2 Nf6 42. Qb4 Kh7 43. Ra3 Qd5 44. Ra1 Qf3 45. Kg1 Qxh5 46. Qd2 d5 47. Nc6
Ng4 48. f3 d4 49. fxg4 Qxg4 50. Nxe5 Qxg3+ 51. Qg2 Qxg2+ 52. Kxg2 Rd5 53. Nf3
Rxf5 54. Nxd4 1-0

[Event "X Festival A"]
[Site "Trieste ITA"]
[Date "2008.09.05"]
[Round "7"]
[White "Lalic, Bogdan"]
[Black "Basagic, Zlatko"]
[Result "1/2-1/2"]
[WhiteElo "2533"]
[BlackElo "2337"]
[PlyCount "25"]
[EventDate "2008.08.31"]

1. d4 g6 2. c4 Bg7 3. Nc3 e6 4. e4 Ne7 5. f4 d5 6. e5 b6 7. Nf3 dxc4 8. Bxc4
Bb7 9. O-O O-O 10. Be3 Nbc6 11. Bf2 Nb4 12. Bh4 Qd7 13. Bb5 1/2-1/2

[Event "X Festival A"]
[Site "Trieste ITA"]
[Date "2008.09.05"]
[Round "7"]
[White "Lenic, Luka"]
[Black "Bosiocic, Marin"]
[Result "0-1"]
[WhiteElo "2584"]
[BlackElo "2540"]
[PlyCount "109"]
[EventDate "2008.08.31"]

1. c4 e6 2. Nf3 Nf6 3. Nc3 Bb4 4. Qc2 O-O 5. a3 Bxc3 6. Qxc3 b6 7. g3 Bb7 8.
Bg2 c5 9. b4 a5 10. Bb2 axb4 11. axb4 Rxa1+ 12. Bxa1 Nc6 13. bxc5 bxc5 14. O-O
d6 15. Qb3 Ba8 16. d3 e5 17. Bc3 Qb8 18. Qa2 Nb4 19. Qa1 Bc6 20. Rb1 Qb7 21.
Ne1 Bxg2 22. Nxg2 Ra8 23. Qb2 Ra6 24. Ne3 Rb6 25. Qd2 Nc6 26. Rxb6 Qxb6 27. Nf5
Ne8 28. Qa2 Qb7 29. Qa4 Kf8 30. f4 f6 31. Qb5 Qc7 32. Ne3 Ne7 33. Ba5 Qc8 34.
fxe5 fxe5 35. Qb6 Nc6 36. Nd5 Nd4 37. e3 Nf3+ 38. Kg2 e4 39. Qb1 Nf6 40. dxe4
Ng5 41. Nxf6 gxf6 42. Qf1 Nxe4 43. h4 Kf7 44. Be1 Qe6 45. Qe2 Kg6 46. Qd3 h5
47. Kf3 f5 48. Bc3 Qe7 49. Kf4 Qb7 50. Be1 Qa8 51. Qb1 Kf6 52. Bc3+ Ke6 53. Be1
Qg8 54. Qd1 Qg6 55. Qe2 {...} 0-1

[Event "X Festival A"]
[Site "Trieste ITA"]
[Date "2008.09.05"]
[Round "7"]
[White "Milazzo, Mario"]
[Black "Cherin, Diego"]
[Result "0-1"]
[WhiteElo "2010"]
[BlackElo "2287"]
[PlyCount "62"]
[EventDate "2008.08.31"]

1. c4 f5 2. Nc3 Nf6 3. g3 g6 4. Bg2 Bg7 5. d3 O-O 6. e3 e5 7. Nge2 Nc6 8. O-O
d6 9. Rb1 a5 10. a3 Kh8 11. b4 axb4 12. axb4 Qe8 13. b5 Nd8 14. f4 h6 15. Re1
Qf7 16. Qb3 Be6 17. e4 fxe4 18. Nxe4 Nxe4 19. Bxe4 g5 20. Bd2 gxf4 21. gxf4 Bg4
22. d4 exd4 23. Ng3 Ne6 24. Bd5 Nc5 25. Qc2 d3 26. Qc1 Bd4+ 27. Kg2 Qg7 28. h3
Bd7 29. Be3 Ra2+ 30. Kf3 d2 31. Bxd2 Bxh3 0-1

[Event "X Festival A"]
[Site "Trieste ITA"]
[Date "2008.09.05"]
[Round "7"]
[White "Narayanan, Srinath"]
[Black "Drazic, Sinisa"]
[Result "1/2-1/2"]
[WhiteElo "2220"]
[BlackElo "2505"]
[PlyCount "81"]
[EventDate "2008.08.31"]

1. e4 e6 2. d4 d5 3. e5 c5 4. c3 Nc6 5. Nf3 Nh6 6. a3 Qb6 7. b4 cxd4 8. cxd4
Nf5 9. Be3 g6 10. Bd3 Nxe3 11. fxe3 Bg7 12. O-O O-O 13. Nc3 a6 14. Ra2 Qd8 15.
Raf2 f6 16. exf6 Rxf6 17. h4 Bd7 18. Ng5 Rxf2 19. Rxf2 Nxd4 20. Bxg6 hxg6 21.
exd4 Qb6 22. Qd3 Be8 23. Ne2 a5 24. bxa5 Rxa5 25. Qf3 Qd6 26. Qg4 Rxa3 27.
Qxe6+ Qxe6 28. Nxe6 Ra1+ 29. Kh2 Ra2 30. Nxg7 Kxg7 31. Kg3 Ra3+ 32. Rf3 Ra4 33.
Nf4 Bf7 34. Rb3 Rxd4 35. Rxb7 Kf6 36. Kf3 Rd1 37. Rb6+ Kg7 38. Ne6+ Bxe6 39.
Rxe6 Rf1+ 40. Kg4 Rf5 41. Re3 1/2-1/2

[Event "X Festival A"]
[Site "Trieste ITA"]
[Date "2008.09.05"]
[Round "7"]
[White "Palac, Mladen"]
[Black "Banusz, Tamas"]
[Result "1/2-1/2"]
[WhiteElo "2587"]
[BlackElo "2481"]
[PlyCount "41"]
[EventDate "2008.08.31"]

1. e4 e5 2. Nf3 Nc6 3. Bb5 a6 4. Ba4 Nf6 5. O-O Be7 6. d3 b5 7. Bb3 d6 8. a4 b4
9. Nbd2 O-O 10. Re1 Rb8 11. c3 Na5 12. Ba2 c5 13. d4 cxd4 14. cxd4 Qc7 15. b3
Nd7 16. Bb2 Bf6 17. Rc1 Qb6 18. Nc4 Nxc4 19. Rxc4 Bb7 20. Bb1 Rbc8 21. Rxc8
1/2-1/2

[Event "X Festival A"]
[Site "Trieste ITA"]
[Date "2008.09.05"]
[Round "7"]
[White "Rezzuti, Vincenzo"]
[Black "Heikkila, Antti"]
[Result "1-0"]
[WhiteElo "1990"]
[BlackElo "1993"]
[PlyCount "69"]
[EventDate "2008.08.31"]

1. e4 d6 2. d4 Nf6 3. Nc3 g6 4. f4 Bg7 5. Nf3 O-O 6. Bd3 Nc6 7. O-O a6 8. d5
Nb4 9. Be2 a5 10. a3 Na6 11. Be3 c6 12. dxc6 bxc6 13. Nd4 Bb7 14. Bf3 Qd7 15.
Nb3 Nc7 16. Na4 Qe6 17. Nd4 Qc4 18. Nb6 Qa6 19. Nxa8 Qxa8 20. Nb3 a4 21. Nd2 c5
22. e5 Nfd5 23. Qe1 Ne6 24. Bxd5 Bxd5 25. Nf3 Rb8 26. Rb1 Ba2 27. Ra1 Bc4 28.
Rf2 Bh6 29. f5 Nf4 30. Qd2 Qe4 31. Re1 Rxb2 32. Bxf4 Qxf4 33. Qc3 Rb8 34. Nd2
Qxe5 35. Rxe5 1-0

[Event "X Festival A"]
[Site "Trieste ITA"]
[Date "2008.09.05"]
[Round "7"]
[White "Srebrnic, Vojko"]
[Black "Sikanjic, Bojan"]
[Result "1/2-1/2"]
[WhiteElo "2214"]
[BlackElo "2177"]
[PlyCount "122"]
[EventDate "2008.08.31"]

1. Nf3 Nf6 2. c4 g6 3. g3 Bg7 4. Bg2 O-O 5. O-O d6 6. Nc3 e5 7. d3 Nc6 8. Rb1
a5 9. a3 Re8 10. Ne1 Nh5 11. e3 f5 12. Nd5 Ne7 13. f4 c6 14. Nc3 Be6 15. Nf3
Kh8 16. Bd2 Bg8 17. b3 Qc7 18. Qc2 Rad8 19. Ne2 Nf6 20. Nc3 Ng4 21. h3 Nf6 22.
Ne2 e4 23. Nfd4 exd3 24. Qxd3 d5 25. c5 Ne4 26. Bc1 Nxc5 27. Qc2 Ne4 28. Bb2
Nc8 29. Nf3 Ncd6 30. Rfd1 Bxb2 31. Qxb2+ Qg7 32. Qc1 h6 33. Kh2 Kh7 34. Ne5 Nf7
35. Nxf7 Bxf7 36. Nd4 Qf6 37. Rd3 c5 38. Nf3 Rc8 39. Ne5 b5 40. Qe1 b4 41. Bxe4
fxe4 42. Rd2 Rc7 43. Ra2 Be6 44. axb4 axb4 45. Ra6 Qe7 46. Qd2 Rec8 47. g4 c4
48. Nxg6 Qf7 49. f5 cxb3 50. Qd4 Rc2+ 51. Kg3 Bxf5 52. Nf4 Bd7 53. Rf6 Qg8 54.
Nxd5 Bxg4 55. hxg4 Rg2+ 56. Kxg2 Qxg4+ 57. Kf1 Qh3+ 58. Ke1 Qg3+ 59. Rf2 Qg1+
60. Rf1 Qg3+ 61. Kd1 Qg4+ 1/2-1/2

[Event "X Festival A"]
[Site "Trieste ITA"]
[Date "2008.09.05"]
[Round "7"]
[White "Stantic, Severino"]
[Black "De Val, Daniele"]
[Result "0-1"]
[WhiteElo "2024"]
[BlackElo "2233"]
[PlyCount "60"]
[EventDate "2008.08.31"]

1. c4 g6 2. Nc3 Bg7 3. e4 e5 4. d3 d6 5. Nge2 f5 6. f4 Nc6 7. Be3 fxe4 8. dxe4
Be6 9. Nd5 Nf6 10. Nec3 O-O 11. Be2 Nd4 12. O-O Nxe2+ 13. Qxe2 c6 14. Nxf6+
Qxf6 15. f5 gxf5 16. exf5 Bxf5 17. Qd2 Qg6 18. Rf3 Qe6 19. Rg3 Kh8 20. Bg5 Bf6
21. Rf1 Bxg5 22. Qxg5 Bg6 23. Rgf3 Rxf3 24. Rxf3 Re8 25. Qh6 Qe7 26. h4 Qg7 27.
Qg5 Rg8 28. Qd2 e4 29. Rg3 Qf6 30. h5 Bf5 0-1

[Event "X Festival A"]
[Site "Trieste ITA"]
[Date "2008.09.05"]
[Round "7"]
[White "Tonel, Giulia"]
[Black "Pregarac, Valter"]
[Result "0-1"]
[WhiteElo "1983"]
[BlackElo "2116"]
[PlyCount "94"]
[EventDate "2008.08.31"]

1. e4 e6 2. d4 d5 3. Nd2 Nf6 4. e5 Ng8 5. Bd3 c5 6. c3 Nc6 7. Ne2 Qb6 8. Nf3
Bd7 9. O-O cxd4 10. cxd4 Nb4 11. Bb1 Bb5 12. Re1 Qa6 13. Nf4 Ne7 14. Ng5 h6 15.
Nf3 Rc8 16. a4 Bd7 17. Bd2 Nec6 18. b3 Be7 19. Nh5 Bf8 20. Nh4 Nxd4 21. Nxg7+
Kd8 22. Bxb4 Bxb4 23. Re3 Qc6 24. Bd3 Nc2 25. Bxc2 Qxc2 26. g3 Qxd1+ 27. Rxd1
Ke7 28. Nh5 Rc2 29. Nf3 Rhc8 30. Nf6 R2c3 31. Rdd3 Rc1+ 32. Kg2 Bc6 33. Nd4 Be8
34. Ng8+ Kf8 35. Nxh6 R8c3 36. Ng4 Rxd3 37. Rxd3 Rc3 38. Rxc3 Bxc3 39. Ne2 Bb2
40. f4 Bc6 41. Kf2 d4 42. Nf6 d3 43. Ke3 dxe2 44. Kxe2 Bd5 45. Nxd5 exd5 46.
Kd3 f6 47. e6 f5 0-1

[Event "X Festival A"]
[Site "Trieste ITA"]
[Date "2008.09.05"]
[Round "7"]
[White "Vrhovnik, Damir"]
[Black "Samuelli, Daniele"]
[Result "0-1"]
[WhiteElo "1996"]
[BlackElo "1931"]
[PlyCount "66"]
[EventDate "2008.08.31"]

1. e4 d5 2. exd5 Nf6 3. d4 Nxd5 4. c4 Nf6 5. Nc3 Nc6 6. Be3 Bf5 7. Nf3 e6 8.
Be2 Be7 9. Nh4 Bg6 10. Nxg6 hxg6 11. Qd2 Qd7 12. O-O-O O-O-O 13. f4 Bb4 14. Qc2
Ba5 15. a3 a6 16. Bf3 Bb6 17. c5 Ba7 18. h3 Ne7 19. Bf2 Ned5 20. g3 Nxc3 21.
Qxc3 Nd5 22. Qc4 c6 23. h4 Qe7 24. Rhe1 Qf6 25. Re2 Bb8 26. Rd3 Bxf4+ 27. gxf4
Nxf4 28. Red2 Nxd3+ 29. Qxd3 g5 30. hxg5 Qxg5 31. Be3 Qf6 32. Qe4 Rh4 33. Bg4
Qf1+ 0-1